Catalog

Record Details

Catalog Search



The answer of to life  Cover Image Book Book

The answer of to life / Paul Little ; Foreword by Billy Graham

Little, Paul E. (Author).

Record details

  • ISBN: 0-89107-429-5
  • Physical Description: 91 p.
  • Edition: 1st ed.
  • Publisher: Wheaton, Illinois Crossway Books 1987

Available copies

  • 1 of 1 copy available at Common Catalog SPOK.

Holds

  • 0 current holds with 1 total copy.
Show Only Available Copies
Location Call Number / Copy Notes Barcode Shelving Location Status Due Date
ETS Library 239 424470005633 Volný výběr Available -

LDR 00636nam a2 00241
00135911
003CZ-PrJAB
00520031105000000.0
008031105s1987 xxu e |||| |eng
009us
020 . ‡a0-89107-429-5
035 . ‡a(CONS)314
035 . ‡aKPS5374
041 . ‡aeng
08214. ‡a239
100 . ‡75829 ‡aLittle, Paul E.
245 . ‡aThe answer of to life / ‡cPaul Little ; Foreword by Billy Graham
250 . ‡a1st ed.
260 . ‡aWheaton, Illinois ‡bCrossway Books ‡c1987
300 . ‡a91 p.
653 . ‡aThe answer of to life
8524 . ‡bETS ‡bETS ‡cVolný výběr ‡j239 ‡gA ‡p424470005633
910 . ‡aABG450
999 . ‡a314 ‡bAUTOGEN ‡c314 ‡tbiblio
905 . ‡uadmin
901 . ‡a35911 ‡b ‡c35911 ‡tbiblio ‡sets

Additional Resources